<?xml version="1.0" encoding="UTF-8"?>
<collection xmlns="http://www.loc.gov/MARC21/slim">
 <record>
  <leader>     na                 </leader>
  <controlfield tag="001">INLIS000000000001516</controlfield>
  <controlfield tag="005">20250204110220</controlfield>
  <controlfield tag="035">$a 0010-0225000005</controlfield>
  <controlfield tag="245">$a Ketika katak-katak mulai bernyanyi /$c Bhakti Karyono</controlfield>
  <controlfield tag="100">$a Bhakti Karyono</controlfield>
  <controlfield tag="300">$a 50 hlm : $b ilus ; $c 21 x 27.5 cm</controlfield>
  <controlfield tag="260">$a Jakarta :$b PT Kuark Internasional,$c 2024</controlfield>
  <controlfield tag="082">$a 050</controlfield>
  <controlfield tag="084">$a 050 BHA k</controlfield>
  <controlfield tag="022">$a 16939964</controlfield>
  <controlfield tag="990">$a MK026/2024</controlfield>
 </record>
</collection>
